| 000 | 00682nam a22001937a 4500 | ||
|---|---|---|---|
| 999 |
_c6078 _d6078 |
||
| 003 | AR-CdUCM | ||
| 008 | 190313b ||||| |||| 00| 0 esp d | ||
| 040 |
_aMUNICIPALIDAD PROVINCIAL DEL CUSCO _cBIBLIOTECA MUNICIPAL DEL CUSCO |
||
| 082 |
_a869.44 / _bC24 |
||
| 100 |
_aCamargo, Edmundo _917690 |
||
| 245 |
_aDel tiempo de la muerte / _cEdmundo Camargo |
||
| 260 |
_aLa Paz : _bTalleres de Edit, _c1964. |
||
| 300 |
_a155 páginas ; _c21 cm. |
||
| 500 | _aDonación de la familia Luis Nieto. | ||
| 505 | _aTrino -- Estrella habitada -- Infancia -- Aleluya en piedra -- Égloga en humo -- Verano ... | ||
| 650 |
_aPoesía Bolivariana _917691 |
||
| 942 |
_2ddc _cLIBROS |
||
| 945 | _aacrt | ||